Politická téma nemeckých výskumníkov sú štandardy
Základom prepojeného fungovania výrobných zariadení je zladenie softvérov s hardvérovými prvkami. Súlad pamäťovej kapacity s rýchlosťou. Zapoj a vyrábaj – (Plug and Produce). Princípy, ktorými chce Nemecko podporiť export svojho priemyselného know-how.
Salvato in:
| Autore principale: | |
|---|---|
| Natura: | Capitolo di libro |
| Lingua: | slovacco |
| Soggetti: | |
| Tags: |
Nessun Tag, puoi essere il primo ad aggiungerne!!
|
MARC
| LEADER | 00000naa a2200000 4500 | ||
|---|---|---|---|
| 001 | 0219367 | ||
| 005 | 20231011124241.9 | ||
| 041 | 0 | |a slo | |
| 044 | |a SK | ||
| 245 | 1 | 0 | |a Politická téma nemeckých výskumníkov sú štandardy |c Peter Marianyi |
| 520 | |a Základom prepojeného fungovania výrobných zariadení je zladenie softvérov s hardvérovými prvkami. Súlad pamäťovej kapacity s rýchlosťou. Zapoj a vyrábaj – (Plug and Produce). Princípy, ktorými chce Nemecko podporiť export svojho priemyselného know-how. | ||
| 610 | 2 | 0 | |a systémy výrobné |
| 610 | 2 | 0 | |a systémy výrobné integrované |
| 610 | 2 | 0 | |a automatizácia výroby |
| 610 | 2 | 0 | |a priemysel |
| 610 | 2 | 0 | |a zariadenia výrobné |
| 610 | 2 | 0 | |a Nemecko |
| 610 | 2 | 0 | |a know-how |
| 100 | 1 | |a Marianyi, Peter | |